000 00258nam a2200109Ia 4500
008 201231s9999 xx 000 0 und d
100 _aShourie, Arun
245 0 _aWorshipping false Gods
260 _aNew Delhi
_bHarper Collins
300 _a663
942 _cBK
999 _c10293
_d10293